Quizzes
Events
Quiz Creation
Community
Videos
Private Events
Remove Ads
Sign In
Join for FREE
Feedback
Dark Mode
Quiz Categories
Sports
Geography
Music
Movies
Television
Just For Fun
Miscellaneous
History
Literature
Language
Science
Gaming
Entertainment
Religion
Holiday
For Kids
Quiz Lab
Recent
Popular Today
Quiz Kudos Today
Editor Picks
Curator Picks
Quizzes by...
Day
Popularity
Type
Ratings
Length
Year
Community
Subscriptions
Recent Discussions
Orange Saloon
Badges
Playlists
Quests
Create
Leaderboards
Showdown
Live 5
Trivia Bingo
Activity
Puzzle Library
Sporcle Events
Private Events
Virtual Trivia
Globe League
Become a Host
Pub Owners
SporcleCon
Opinionation
Our Games
Videos
Blog
Mobile Apps
Partnerships
Remove Ads and Go Orange
Feedback
Language
Vocabulary
Begins and Ends
Definition
Spanish
French
German
Italian
Chinese
Latin
Translation
Japanese
Language
Vocabulary
Begins and Ends
Definition
Spanish
French
German
Italian
Chinese
Latin
Translation
Japanese
Random Quiz
Search Sporcle
×
Quiz Lab
Quiz Lab
Language
Translation
Click on answers out of a set of options
Click on answers out of a set of options
Multiple Choice
Best Score? Go Orange.
Dutch or misspelled English? #1: Food items Stats
Are these actual Dutch words for food items, or just misspelled English ones?
By
amabanana
3m
20 Questions
164 Plays
164 Plays
164 Plays
Comments
Comments
Give Quiz Kudos
Give Quiz Kudos
-
- Ratings
hide this ad
More Info
Replay
Link that replays current quiz
Next Quiz
Link to next quiz in quiz playlist
You Got
0%
They Got
Avg Score
87%
Avg Friend Score
Upgrade to see
Score Distribution
Jump to the score distribution portion of the page
Score
0/20
Timer
03:00
0
Plays Today
Question
Answer
Wrong Answers
Appel
Dutch for 'Apple'
97%
Misspelled English
1.2%
Banaan
Dutch for 'Banana'
94.5%
Misspelled English
4.3%
Tomaat
Dutch for 'Tomato'
94.5%
Misspelled English
4.3%
Boter
Dutch for 'Butter'
92.7%
Misspelled English
6.7%
Makreel
Dutch for 'Mackerel'
92.1%
Misspelled English
7.3%
Soep
Dutch for 'Soup'
91.5%
Misspelled English
8.5%
Braad
Misspelled English
89.6%
Dutch for 'Bread'
8.5%
Watermeloen
Dutch for 'Watermelon'
87.2%
Misspelled English
11.6%
Peper
Dutch for 'Pepper'
87.2%
Misspelled English
11%
Pastasaus
Dutch for 'Pasta Sauce'
86.6%
Misspelled English
11.6%
Mosterd
Dutch for 'Mustard'
86.6%
Misspelled English
11.6%
Peer
Dutch for 'Pear'
86%
Misspelled English
13.4%
Karoot
Misspelled English
85.4%
Dutch for 'Carrot'
14.6%
Been
Misspelled English
84.8%
Dutch for 'Bean'
15.2%
Braadworst
Dutch for 'Bratwurst'
84.8%
Misspelled English
14%
Chocolade
Dutch for 'Chocolate'
84.1%
Misspelled English
15.2%
Kookie
Misspelled English
80.5%
Dutch for 'Cookie'
18.9%
Munt
Dutch for 'Mint'
79.9%
Misspelled English
18.9%
Pijnappel
Misspelled English
79.9%
Dutch for 'Pineapple'
17.7%
Koolsla
Dutch for 'Coleslaw'
76.2%
Misspelled English
22.6%
Quiz Playlist
Details
Report
Send in Message
Add To Playlist
More Info:
The original concept for this quiz type was created by Sporcle user Alcas: https://www.sporcle.com/games/Alcas/let_op
Multiple Choice:
Click on answers out of a set of options
Last Updated: Feb 16, 2020
Quiz Scoreboard
CHALLENGE
Sign Up to Join the Scoreboard
Show All
Scores
Hide
Comments
May contain spoilers
Recently Published
Presidents Visiting Landmarks
by Hejman
History
7m
An Introduction to Baseball
by treessimontrees
Sports
5m
Movies - When Are They Set?
by FPL_Elf
Movies
5m
More to Explore
Quiz From the Vault
Featured Blog Post
Where Did the Easter Bunny Come From?
hide this ad
You Might Also Like...
Tags
Translation Quiz
Vocabulary Quiz
Belgium
dutch
English Words
Netherlands
Today's Top Quizzes in Language
Browse Language
hide this ad
Today's Top Quizzes in Translation
Browse Translation
Top Contributed Quizzes in Language
1
1-10 Letter F Words III
2
1-10 Letter G Words III
3
Order Up: Top 10 Most Native Spoken Languages
4
1-10 Letter H Words III
5
One Thing in Common: Italy
6
1-10 Letter I Words III
7
Weisst du, aus welchen Sprachen diese Wörter stammen?
8
1-10 Letter J Words III
9
Celtic Nations in their Language
10
1-10 Letter K Words III
Explore More
Trending Topics
NBA
Harry Potter
Crossword
Anime
Kpop
Marvel
Disney
Song
Pokémon
The Office
Country
Puzzle
Soccer
NFL
WWE
hide this ad
More By:
amabanana
Quiz
Plays
Rating
Category
Featured
Created
Most skyscrapers: North American cities
3,436
4.06
Geography
Feb 2, 2011
Countries with fastest trains
1,738
4.17
Science
Nov 1, 2010
Busiest Toronto Subway Stations
1,064
3.38
Miscellaneous
Nov 1, 2010
Canadian cities with most skyscrapers
943
4.40
Geography
Dec 22, 2010
Toronto Subway Quiz
864
4.67
Geography
Nov 2, 2010
Go to Creator's Profile
Score Distribution
Quiz Creator Spotlight
amabanana
Follow
Send a Message
Quizzes Created
-
Created Quiz Play Count
-
More By This Creator
Popular Quizzes Today
1
Find the US States - No Outlines Minefield
2
Find the Countries of Europe - No Outlines Minefield
3
The Countries of the World
4
Find the US States
5
Popular People in 1961
6
US States
7
Risky Map Clicking: Biggest States A-Z
8
Movies - When Are They Set?
More Language Quizzes
Definitions Without Words
Editor's Pick
Trending Quizzes
Risky Map Clicking: Least Populous States A-Z
1-10 Letter G Words
1-10 Letter F Words
Risky Map Clicking: Next State Alphabetically
Risky Map Clicking: Biggest States A-Z
Recently Updated
Leaping Animals
pecheneg
Reality TV Shows (A-Z)
bhenderson79
Rickey Henderson's Hall of Fame Teammates
pecheneg
Champions League XIs: Arsenal
pecheneg
Quick Pick: Celebrities in WWE's Hall of Fame
aduchscher
A-Z Keypad Blitz II
pecheneg
Multiple Oscar Actors
pecheneg
Mystery Phrase Blitz: Oscar 'Best Actors'
pecheneg
F. Scott Fitzgerald Novels
LTH
Pick 3 Villains
ddd62291
Trending Topics
Marvel
Harry Potter
NBA
Disney
Anime
Crossword
Kpop
Soccer
Country
Puzzle
NFL
The Office
Pokémon
WWE
Song
Your Account Isn't Verified!
In order to create a playlist on Sporcle, you need to verify the email address you used during registration. Go to your
Sporcle Settings
to finish the process.
Report this User
Report this user for behavior that violates our
Community Guidelines
.
Details:
Send Report
Go to the Sporcle.com Mobile Site →
Comments